Countries Intersected by the Equator - Sudden Death - Statistics

General Stats
  • This quiz has been taken 4 times
  • The average score is 3 of 11
Answers on the Grid
Answers color-coded by a green-red scale on the quiz's grid according to % correct below.
Colombia
Peru
Panama
Brazil
Guyana
Kenya
Bolivia
Somalia
Burundi
Republic of the Congo
Suriname
Venezuela
Cape Verde
Nigeria
Cameroon
Uganda
Equatorial Guinea
Central African Republic
Democratic Republic of the Congo
Angola
Rwanda
Ecuador
Tanzania
Mozambique
Comoros
Seychelles
Gabon
Maldives
Sri Lanka
Malaysia
Singapore
East Timor
Sao Tome and Principe
Brunei
Papua New Guinea
Philippines
Palau
Indonesia
Kiribati
Nauru
Marshall Islands
Solomon Islands
 
Answer Stats
Answer % Correct
Brazil
100%
Colombia
50%
Democratic Republic of the Congo
25%
Ecuador
25%
Indonesia
25%
Republic of the Congo
25%
Sao Tome and Principe
25%
Uganda
25%
Gabon
0%
Kenya
0%
Somalia
0%
No matching quizzes found
Score Distribution
Percent of People with Each Score
Percentile by Number Answered
Your Score History
You have not taken this quiz